[Event "Titled Tuesday intern op 01st Nov Late"]
[Site "Chess.com INT"]
[Date "2022.11.01"]
[Round "10"]
[White "Estrada Nieto, Julian"]
[Black "Ashiku, Franc"]
[Result "0-1"]
[WhiteElo "2241"]
[BlackElo "2388"]
[PlyCount "152"]
[EventDate "2022.11.01"]
[EventType "swiss (blitz)"]
[EventRounds "11"]
[EventCountry "USA"]
[SourceTitle "EXT 2024"]
[Source "ChessBase"]
[SourceDate "2023.10.10"]
[SourceVersion "1"]
[SourceVersionDate "2023.10.10"]
[SourceQuality "1"]

1. e4 d5 2. exd5 Qxd5 3. Nc3 Qd6 4. d4 g6 5. Nf3 Bg7 6. Bc4 a6 7. 0-0 Nf6 8. Ne5 0-0 9. Bf4 Qd8 10. a4 Nc6 11. Nxc6 bxc6 12. Be5 a5 13. Qf3 Ba6 14. Qxc6 Bxc4 15. Qxc4 Qd7 16. Rfe1 c6 17. Rad1 h5 18. h3 Nd5 19. Bxg7 Kxg7 20. Ne4 Rab8 21. b3 Nf4 22. Nc5 Qf5 23. Rxe7 Rb4 24. Re5 Qxe5 25. dxe5 Rxc4 26. bxc4 Re8 27. g3 Nxh3+ 28. Kg2 Ng5 29. f4 Ne6 30. Nxe6+ fxe6 31. Rd7+ Kh6 32. Rc7 Rd8 33. Rxc6 Rd2+ 34. Kf3 Rxc2 35. c5 Rc3+ 36. Ke4 Rc4+ 37. Kd3 Rxa4 38. Rxe6 Ra3+ 39. Kd4 Rxg3 40. c6 Rg1 41. Kd5 Rd1+ 42. Kc5 Rc1+ 43. Kb6 a4 44. c7 a3 45. Kb7 a2 46. Ra6 Rb1+ 47. Kc8 a1Q 48. Rxa1 Rxa1 49. Kd7 Rd1+ 50. Ke7 Rc1 51. Kd7 Rd1+ 52. Ke7 Rc1 53. Kd7 h4 54. c8Q Rxc8 55. Kxc8 h3 56. e6 h2 57. e7 h1Q 58. e8Q Qa8+ 59. Kd7 Qa4+ 60. Ke7 Qxf4 61. Qh8+ Kg5 62. Ke6 Qe4+ 63. Kd6 Qf4+ 64. Ke6 Qf5+ 65. Kd6 Kg4 66. Qd4+ Qf4+ 67. Qxf4+ Kxf4 68. Kd5 g5 69. Kd4 g4 70. Kd3 Kf3 71. Kd2 Kf2 72. Kd1 g3 73. Kd2 g2 74. Kd3 g1Q 75. Kd4 Qe1 76. Kd5 Kf3 0-1

[Event "Titled Tuesday intern op 01st Nov Late"]
[Site "Chess.com INT"]
[Date "2022.11.01"]
[Round "7"]
[White "Heinemann, Josefine"]
[Black "Ashiku, Franc"]
[Result "1/2-1/2"]
[WhiteElo "2316"]
[BlackElo "2388"]
[PlyCount "88"]
[EventDate "2022.11.01"]
[EventType "swiss (blitz)"]
[EventRounds "11"]
[EventCountry "USA"]
[SourceTitle "EXT 2024"]
[Source "ChessBase"]
[SourceDate "2023.10.10"]
[SourceVersion "1"]
[SourceVersionDate "2023.10.10"]
[SourceQuality "1"]

1. e4 a6 2. d4 d5 3. exd5 Qxd5 4. c4 Qd6 5. Nc3 Nf6 6. Nf3 g6 7. Be2 Bg7 8. 0-0 0-0 9. h3 Nc6 10. Be3 Nh5 11. Qd2 e5 12. d5 Ne7 13. Ne4 Qd8 14. Rfd1 f5 15. Neg5 f4 16. Bc5 Qe8 17. Ne6 Bxe6 18. dxe6 e4 19. Ng5 f3 20. Bf1 Rf5 21. Nxe4 fxg2 22. Bxg2 Nf4 23. Qd7 Nc6 24. Qxc7 Nxg2 25. Kxg2 Qxe6 26. Re1 Raf8 27. Rad1 Rxc5 28. Nxc5 Qf5 29. Ne4 Ne5 30. Rd8 Qf3+ 31. Kg1 Nd3 32. Rxf8+ Bxf8 33. Re3 Qd1+ 34. Kg2 Ne1+ 35. Rxe1 Qxe1 36. Qe5 Qc1 37. Qe6+ Kg7 38. Qf6+ Kg8 39. Ng5 Qxc4 40. Ne6 Qd5+ 41. Kg1 Qd1+ 42. Kg2 Qd5+ 43. Kg1 Qd1+ 44. Kg2 Qd5+ 1/2-1/2

[Event "Titled Tuesday intern op 25th Oct Late"]
[Site "Chess.com INT"]
[Date "2022.10.25"]
[Round "5"]
[White "Ashiku, Franc"]
[Black "Gunduz, Umut Erdem"]
[Result "1-0"]
[WhiteElo "2388"]
[BlackElo "2282"]
[PlyCount "121"]
[EventDate "2022.10.25"]
[EventType "swiss (blitz)"]
[EventRounds "11"]
[EventCountry "USA"]
[SourceTitle "EXT 2024"]
[Source "ChessBase"]
[SourceDate "2023.10.10"]
[SourceVersion "1"]
[SourceVersionDate "2023.10.10"]
[SourceQuality "1"]

1. d4 Nf6 2. c4 c5 3. d5 e6 4. Nc3 exd5 5. cxd5 d6 6. e4 g6 7. h3 Bg7 8. Nf3 0-0 9. Bd3 b5 10. 0-0 c4 11. Bc2 b4 12. Ne2 Re8 13. Ng3 a5 14. Re1 Nbd7 15. Nd4 Nc5 16. Nc6 Qb6 17. Be3 Bd7 18. Ba4 Nfxe4 19. Nxe4 Rxe4 20. Qc2 Rae8 21. Kh2 Rxe3 22. Rxe3 Rxe3 23. fxe3 Nxa4 24. Qxa4 Bxb2 25. Re1 Be5+ 26. Kg1 Bxc6 27. Qxc6 Qxc6 28. dxc6 d5 29. Rd1 b3 30. axb3 cxb3 31. Rxd5 Bc7 32. Rb5 a4 33. Rb4 Ba5 34. c7 Bxc7 35. Rxa4 Be5 36. Rb4 b2 37. Kf2 h5 38. Kf3 Kg7 39. g4 h4 40. g5 Kf8 41. Rb7 Kg7 42. Kg4 Kf8 43. Kxh4 Ke8 44. Kg4 Kd8 45. h4 Kc8 46. Rb3 Kc7 47. h5 gxh5+ 48. Kxh5 Kd6 49. Kh6 Kd5 50. Kh7 Kc4 51. Rb7 Kd3 52. Kg8 Kc2 53. Kxf7 b1Q 54. Rxb1 Kxb1 55. g6 Kc2 56. Ke6 Bh8 57. e4 Kd3 58. Kd5 Ke3 59. e5 Kf4 60. e6 Bf6 61. g7 1-0

[Event "Olympiad-44"]
[Site "Chennai"]
[Date "2022.08.08"]
[Round "10.2"]
[White "Cheng, Bobby Sky"]
[Black "Ashiku, Franc"]
[Result "1-0"]
[WhiteElo "2540"]
[BlackElo "2422"]
[PlyCount "71"]
[EventDate "2022.07.29"]
[EventType "team-swiss"]
[EventRounds "11"]
[EventCountry "IND"]
[SourceTitle "CBM 210"]
[Source "ChessBase"]
[SourceDate "2022.10.31"]
[SourceVersion "1"]
[SourceVersionDate "2022.10.31"]
[SourceQuality "1"]
[WhiteTeam "Australia"]
[BlackTeam "Albania"]
[WhiteTeamCountry "AUS"]
[BlackTeamCountry "ALB"]

1. d4 Nf6 2. c4 g6 3. Nc3 Bg7 4. e4 d6 5. h3 0-0 6. Be3 c6 7. g4 a6 8. f4 b5 9. e5 Nfd7 10. h4 b4 11. Nce2 c5 12. Bg2 Ra7 13. h5 cxd4 14. Bxd4 Nc5 15. Ng3 Rd7 16. Bxc5 dxc5 17. Qe2 Qc7 18. Be4 Rfd8 19. Nf3 Bb7 20. Bxb7 Qxb7 21. e6 Rd3 22. exf7+ Kxf7 23. hxg6+ hxg6 24. Ng5+ Ke8 25. Ne6 Bxb2 26. Nxd8 Bc3+ 27. Kf1 Rxd8 28. Rd1 Rxd1+ 29. Qxd1 Qc7 30. Qf3 Nc6 31. Kg2 Qd6 32. Ne4 Qe6 33. Nxc5 Qc8 34. f5 Bg7 35. Qd5 Ne5 36. Rh8+ 1-0

[Event "Olympiad-44"]
[Site "Chennai"]
[Date "2022.08.02"]
[Round "5.2"]
[White "Ashiku, Franc"]
[Black "Rahman, Ziaur"]
[Result "0-1"]
[WhiteElo "2422"]
[BlackElo "2424"]
[PlyCount "62"]
[EventDate "2022.07.29"]
[EventType "team-swiss"]
[EventRounds "11"]
[EventCountry "IND"]
[SourceTitle "CBM 210"]
[Source "ChessBase"]
[SourceDate "2022.10.31"]
[SourceVersion "1"]
[SourceVersionDate "2022.10.31"]
[SourceQuality "1"]
[WhiteTeam "Albania"]
[BlackTeam "Bangladesh"]
[WhiteTeamCountry "ALB"]
[BlackTeamCountry "BAN"]

1. d4 d5 2. c4 e6 3. Nc3 Nf6 4. Nf3 c6 5. Bg5 h6 6. Bh4 dxc4 7. e4 g5 8. Bg3 b5 9. Be2 Bb7 10. Qc2 Nbd7 11. 0-0 Nh5 12. Rad1 Nxg3 13. hxg3 Qb6 14. Rfe1 Bg7 15. e5 Bf8 16. b3 cxb3 17. Qxb3 Be7 18. Nd2 0-0 19. Bg4 Rad8 20. Nf3 Kg7 21. Qc2 b4 22. Na4 Qb5 23. Rc1 c5 24. Nxc5 Nxc5 25. dxc5 Rc8 26. Nd4 Qxc5 27. Qd3 Qxc1 28. Rxc1 Rxc1+ 29. Kh2 Bd5 30. Bh5 Rd8 31. Nb5 Rh1+ 0-1

[Event "Olympiad-44"]
[Site "Chennai"]
[Date "2022.07.31"]
[Round "3.2"]
[White "Ashiku, Franc"]
[Black "Andrianiaina, Heritiana"]
[Result "0-1"]
[WhiteElo "2422"]
[BlackElo "2095"]
[PlyCount "90"]
[EventDate "2022.07.29"]
[EventType "team-swiss"]
[EventRounds "11"]
[EventCountry "IND"]
[SourceTitle "CBM 210"]
[Source "ChessBase"]
[SourceDate "2022.10.31"]
[SourceVersion "1"]
[SourceVersionDate "2022.10.31"]
[SourceQuality "1"]
[WhiteTeam "Albania"]
[BlackTeam "Madagascar"]
[WhiteTeamCountry "ALB"]
[BlackTeamCountry "MAD"]

1. d4 Nf6 2. Nf3 e6 3. c4 b6 4. g3 Ba6 5. Qa4 c6 6. Nc3 b5 7. cxb5 cxb5 8. Nxb5 Qb6 9. e3 Bb7 10. Be2 Bc6 11. Qc4 a6 12. Nc3 Qb7 13. e4 Nxe4 14. 0-0 Nxc3 15. Qxc3 Bb4 16. Qe3 0-0 17. Ne5 Bd5 18. Nd3 a5 19. Nf4 Be4 20. h4 Na6 21. a3 Be7 22. Re1 f5 23. f3 Bc6 24. Nd3 Nc7 25. Nc5 Qb6 26. Bc4 f4 27. gxf4 Bxh4 28. Re2 Rae8 29. Bd3 Nd5 30. Qe5 Bf6 31. Qe4 g6 32. Rg2 Ne7 33. Qe3 Nf5 34. Bxf5 exf5 35. Qd3 d6 36. Nb3 Bd5 37. Nd2 Qxd4+ 38. Qxd4 Bxd4+ 39. Kh2 Re1 40. a4 Rc8 41. Ra3 Rcxc1 42. Rd3 Rh1+ 43. Kg3 Bf6 44. Rh2 Rxh2 45. Kxh2 Rc5 0-1

[Event "EU-chT 23rd"]
[Site "Terme Catez"]
[Date "2021.11.13"]
[Round "2.14"]
[White "Ashiku, Franc"]
[Black "Shengelia, Davit"]
[Result "1/2-1/2"]
[WhiteElo "2419"]
[BlackElo "2513"]
[PlyCount "81"]
[EventDate "2021.11.12"]
[EventType "team-swiss"]
[EventRounds "9"]
[EventCountry "SLO"]
[SourceTitle "CBM 205"]
[Source "ChessBase"]
[SourceDate "2021.12.31"]
[SourceVersion "1"]
[SourceVersionDate "2021.12.31"]
[SourceQuality "1"]
[WhiteTeam "Albania"]
[BlackTeam "Austria"]
[WhiteTeamCountry "ALB"]
[BlackTeamCountry "AUT"]

1. d4 Nf6 2. c4 e6 3. Nc3 Bb4 4. Nf3 b6 5. Qc2 Bb7 6. a3 Bxc3+ 7. Qxc3 d6 8. e3 Nbd7 9. Be2 0-0 10. 0-0 Ne4 11. Qc2 a5 12. Ne1 f5 13. f3 Ng5 14. Nd3 e5 15. c5 dxc5 16. dxc5 e4 17. c6 exd3 18. Qxd3 Bxc6 19. Qc4+ Kh8 20. Qxc6 Nc5 21. Qb5 a4 22. Qb4 Nb3 23. Rb1 Ne6 24. Rd1 Qf6 25. Bd2 Nxd2 26. Qxd2 Nc5 27. Qd4 Qe7 28. Bb5 Rad8 29. Qc3 Rf6 30. Qe5 Re6 31. Rxd8+ Qxd8 32. Qxf5 Rxe3 33. Kf2 g6 34. Qf7 Qe7 35. Qxe7 Rxe7 36. Rd1 Re5 37. Bc6 Re6 38. Bd7 Re7 39. Bc6 Re6 40. Bd7 Re7 41. Bc6 1/2-1/2

[Event "Online Olym Div2 C"]
[Site "Chess.com INT"]
[Date "2021.09.04"]
[Round "7.4"]
[White "Ashiku, Franc"]
[Black "Liyanage, Ranindu Dilshan"]
[Result "1/2-1/2"]
[WhiteElo "2421"]
[BlackElo "2197"]
[PlyCount "84"]
[EventDate "2021.09.02"]
[EventType "team (rapid)"]
[EventRounds "9"]
[EventCountry "USA"]
[SourceTitle "CBM 204 Extra"]
[Source "ChessBase"]
[SourceDate "2021.11.30"]
[SourceVersion "1"]
[SourceVersionDate "2021.11.30"]
[SourceQuality "1"]
[WhiteTeam "Albania"]
[BlackTeam "Sri Lanka"]
[WhiteTeamCountry "ALB"]
[BlackTeamCountry "SRI"]

1. c4 e6 2. Nf3 Nf6 3. g3 d5 4. Bg2 Be7 5. 0-0 0-0 6. b3 b6 7. Bb2 Bb7 8. e3 dxc4 9. bxc4 c5 10. Qe2 Nc6 11. d3 Qc7 12. Nc3 Rad8 13. Rad1 Qc8 14. Nb5 a6 15. Nc3 Qa8 16. Ne1 Na5 17. Bh3 Bc6 18. a4 Rd7 19. f4 Rfd8 20. Nf3 Bxf3 21. Rxf3 Rxd3 22. Rxd3 Rxd3 23. Qxd3 Qxf3 24. Bg2 Qg4 25. e4 Qg6 26. f5 exf5 27. exf5 Qg4 28. Nd5 Nxd5 29. Bxd5 Bf6 30. Bxf6 gxf6 31. Bxf7+ Kxf7 32. Qd7+ Kf8 33. Qd8+ Kf7 34. Qd7+ Kf8 35. Qd6+ Kf7 36. Qe6+ Kf8 37. Qxf6+ Kg8 38. Qe6+ Kf8 39. Qd6+ Kf7 40. Qe6+ Kf8 41. Qf6+ Ke8 42. Qe6+ Kf8 1/2-1/2

[Event "FIDE World Cup Europe Hybrid Qual"]
[Site "Tornelo INT"]
[Date "2021.05.25"]
[Round "1.2"]
[White "Ashiku, Franc"]
[Black "Parligras, Mircea Emilian"]
[Result "1/2-1/2"]
[WhiteElo "2420"]
[BlackElo "2591"]
[PlyCount "43"]
[EventDate "2021.05.24"]
[EventType "k.o."]
[EventRounds "3"]
[EventCountry "NET"]
[SourceTitle "CBM 202 Extra"]
[Source "ChessBase"]
[SourceDate "2021.07.31"]
[SourceVersion "1"]
[SourceVersionDate "2021.07.31"]
[SourceQuality "1"]

1. d4 Nf6 2. c4 e6 3. Nc3 Bb4 4. e3 0-0 5. Bd3 d5 6. Nf3 dxc4 7. Bxc4 c5 8. 0-0 cxd4 9. exd4 b6 10. Ne5 Bb7 11. Bg5 Nbd7 12. Nxd7 Qxd7 13. Bxf6 gxf6 14. d5 Bxc3 15. bxc3 Bxd5 16. Qg4+ Kh8 17. Qh4 Bxc4 18. Qxf6+ Kg8 19. Qg5+ Kh8 20. Qf6+ Kg8 21. Qg5+ Kh8 22. Qf6+ 1/2-1/2

[Event "ALB-ch"]
[Site "Tirana"]
[Date "2020.10.17"]
[Round "1"]
[White "Ashiku, Franc"]
[Black "Pasko, Llambi"]
[Result "1-0"]
[WhiteElo "2419"]
[BlackElo "2412"]
[PlyCount "95"]
[EventDate "2020.10.17"]
[EventType "tourn"]
[EventRounds "7"]
[EventCountry "ALB"]
[SourceTitle "EXT 2022"]
[Source "ChessBase"]
[SourceDate "2021.10.06"]
[SourceVersion "1"]
[SourceVersionDate "2021.10.06"]
[SourceQuality "1"]

1. d4 Nf6 2. c4 e6 3. Nc3 d5 4. Nf3 c6 5. e3 Bd6 6. b3 Nbd7 7. Bb2 0-0 8. Bd3 dxc4 9. bxc4 e5 10. 0-0 Re8 11. Bc2 Bb8 12. Re1 e4 13. Ng5 Nb6 14. Ngxe4 Nxe4 15. Nxe4 Nxc4 16. Bc3 Bf5 17. Nc5 Bxc2 18. Qxc2 b5 19. Rad1 Bd6 20. Qf5 Qe7 21. Nd3 Qe4 22. Qxe4 Rxe4 23. Bb4 Bc7 24. Nc5 Ree8 25. Na6 Bb6 26. Ra1 f5 27. g3 Kf7 28. a4 Rec8 29. a5 Bd8 30. Rec1 Be7 31. Bxe7 Kxe7 32. Rc2 Kd6 33. Kf1 Re8 34. Nc5 Re7 35. h4 Rae8 36. Rca2 g6 37. Nd3 Rb8 38. Ke2 Rc7 39. Kf3 Re7 40. Re1 Rbe8 41. Nb2 Nxb2 42. Rxb2 Rb8 43. Kf4 Re4+ 44. Kf3 c5 45. dxc5+ Kxc5 46. Rd1 Rb7 47. a6 Rf7 48. Rd8 1-0

[Event "Online Olym Div3 A"]
[Site "Chess.com INT"]
[Date "2020.08.09"]
[Round "9.2"]
[White "Ashiku, Franc"]
[Black "Deng, Yu Dong Michael"]
[Result "1-0"]
[WhiteElo "2419"]
[BlackElo "2138"]
[PlyCount "71"]
[EventDate "2020.08.07"]
[EventType "team-tourn (rapid)"]
[EventRounds "9"]
[EventCountry "USA"]
[SourceTitle "CBM 198"]
[Source "ChessBase"]
[SourceDate "2020.10.31"]
[SourceVersion "1"]
[SourceVersionDate "2020.10.31"]
[SourceQuality "1"]
[WhiteTeam "Albania"]
[BlackTeam "Hong Kong"]
[WhiteTeamCountry "ALB"]
[BlackTeamCountry "HKG"]

1. Nf3 d5 2. g3 Nf6 3. Bg2 e6 4. 0-0 b6 5. b3 Bb7 6. Bb2 Be7 7. e3 Nbd7 8. c4 c5 9. Qe2 0-0 10. Nc3 Re8 11. Rad1 Ne4 12. d3 Nxc3 13. Bxc3 Bf6 14. d4 cxd4 15. Nxd4 Rc8 16. Qb2 a6 17. cxd5 Bxd5 18. Bxd5 exd5 19. Ne2 Bxc3 20. Nxc3 Nf6 21. Rd3 Qd7 22. Qd2 Re5 23. Rd1 Rd8 24. f4 Rh5 25. e4 b5 26. e5 Qa7+ 27. Kg2 b4 28. Nxd5 Nxd5 29. Rxd5 Rxd5 30. Qxd5 h6 31. Qf3 g6 32. g4 Rh4 33. Kg3 g5 34. fxg5 hxg5 35. Rd8+ Kh7 36. Qf5+ 1-0

[Event "Online Olym Div3 A"]
[Site "Chess.com INT"]
[Date "2020.08.08"]
[Round "4.2"]
[White "Kwon, Sehyun"]
[Black "Ashiku, Franc"]
[Result "0-1"]
[WhiteElo "2194"]
[BlackElo "2419"]
[PlyCount "58"]
[EventDate "2020.08.07"]
[EventType "team-tourn (rapid)"]
[EventRounds "9"]
[EventCountry "USA"]
[SourceTitle "CBM 198"]
[Source "ChessBase"]
[SourceDate "2020.10.31"]
[SourceVersion "1"]
[SourceVersionDate "2020.10.31"]
[SourceQuality "1"]
[WhiteTeam "South Korea"]
[BlackTeam "Albania"]
[WhiteTeamCountry "KOR"]
[BlackTeamCountry "ALB"]

1. d4 f5 2. Bf4 Nf6 3. e3 d6 4. Nc3 Nc6 5. d5 Ne5 6. Bxe5 dxe5 7. Bc4 a6 8. Nf3 Qd6 9. a4 h6 10. Bb3 g5 11. Nd2 Bg7 12. Nc4 Qb4 13. Nxe5 Ng4 14. Nxg4 Bxc3+ 15. bxc3 Qxc3+ 16. Ke2 fxg4 17. Qd3 Qf6 18. Rad1 Rf8 19. Rhf1 Bf5 20. Qd4 Qg6 21. Qc5 0-0-0 22. Qa7 Rf6 23. Qa8+ Kd7 24. Qxb7 Rb6 25. Qa7 Bxc2 26. Bxc2 Qxc2+ 27. Ke1 Qc3+ 28. Rd2 Rb1+ 29. Ke2 Qc4+ 0-1